000 00630nam a2200241Ia 4500
003 OSt
005 20220918230939.0
006 a|||||r|||| 00| 0
007 ta
008 220917b |||||||| |||| 00| 0 eng d
024 _a261,710
037 _cTextual
040 _aARTS
_cARTS
_beng
041 _2eng
_aeng
082 _aY73(Q2):1, K1
100 _aPanikkar K M
_947988
245 0 _aHindu society at cross roads
260 _aBombay
_bAsia Publishing House
_c1961
300 _a139p.
_ccm.
650 _aSOCIOLOGY
942 _hY73(Q2):1, K1
_cTEXL
_2CC
999 _c289342
_d289342